000
00314nam a2200121Ia 4500
008
220204s9999 xx 000 0 und d
082
_a
628.19
_b
HAM
100
_a
Hammer, M J
245
0
_a
Water and waste water technology
260
_a
New York
_b
John Wiley
_c
1975
650
_a
Waste water technology
942
_c
BK
999
_c
23742
_d
23742